000 01216nam a2200265 a 4500
001 BRCA_646
005 20190320203108.0
008 060914s2005 sp-a---##b---#001-0dspa-d
020 _a8489895147
040 _aGZN
_cGZN
_dPL#
050 4 _aND811.S5
_b.D45 2005
245 1 0 _aDe Herrera a Velázquez
_bel primer naturalismo en Sevilla
_cpreparación, edición y dirección científica Alfonso E. Pérez Sánchez, Benito Navarrete Prieto.
260 _aSevilla
_bFundación Focus Abengoa
_c2005
300 _a317 p.
_bil. (algunas a color)
_c30 cm.
500 _aCatálogo de la exposición realizada en el Hospital de los Venerables (Sevilla), 29 noviembre, 2005 - 28 febrero, 2006 y en el Museo de Bellas Artes (Bilbao), 20 marzo - 28 mayo, 2006
500 _aIncluye índice onomástico
500 _a2do. ejemplar en el Área de Investigación
504 _aBibliografía : p. 296-311
650 1 4 _aPinturas españolas
_vExposiciones
_ySiglo XVII
_92163
650 1 4 _aPinturas españolas
_vExposiciones
_xInfluencias italianas
_92164
650 1 4 _aNaturalismo en el arte
_vExposiciones
_zEspaña
_92165
700 1 _aPérez Sánchez, Alfonso E.
_92166
700 1 _aNavarrete Prieto, Benito
_92167
942 _2lcc
_cB
999 _c562
_d562